000 00595nam a2200265Ia 4500
005 20260306163705.0
008 008 260114s9999 xx 000 0 eng d
020 _a9780231541756
037 _aEBOOK
040 _aCRL
040 _beng
040 _cCRL
041 _2eng
041 _aeng
084 _qCRL
100 _aLents
_91129165
245 0 _aNot So Different
260 _bColumbia University Press
260 _c2017
650 _aSocial Work
856 _uhttps://academic.oup.com/book/33301
942 _cEBOOK
999 _c1711102
_d1711102